| 000 | 00460nam a2200133 a 4500 | ||
|---|---|---|---|
| 008 | 120416s1972 ||||||||||||||||| || u | ||
| 050 | _aTA 803 Bea | ||
| 100 | _aBeaver, Patrick | ||
| 245 | 1 | 2 | _aA history of tunnels |
| 260 |
_aLondon _bPeter Davies _c1972 |
||
| 300 | _axii, 155p. : ill. | ||
| 350 | _a0.00 | ||
| 995 |
_D0.00 _FCBU-MAIN LIBRARY (Kitwe) _H1 _I3.25 _UAVAILABLE _ZMain Library Open Access Collection |
||
| 999 |
_c45620 _d45620 |
||